00682nam a22001817a 450000500170000000800410001702000150005804000680007304100080014124500920014926000630024130000180030450400530032265000270037565000250040265000440042770000290047120140905105902.0131125s1986 xxu frn 101 0deng  a0262111128 aCO-BoUCMcJose A. Gerena (modificó)dAldemar Mondragónbspa00aeng00aStrategic trade policy and the new international economicsceditado por Paul R. Krugman aCambridge (Massachusetts, Estados Unidos)bMIT Pressc1986 a313 páginas aIncluye referencias bibliográficas e índices 7aComercio internacional 7aPolítica comercial 7aRelaciones económicas internacionales1 aKrugman, Paul R.eeditor